00746nam a2200241 a 4500001001300000003000900013005001700022008004100039020002300080082001700103100001800120245005000138260004000188300000900228500003500237505003000272650001900302700001800321902000800339942000700347952013300354999001700487nice12345678IN_TiNIC20260116014128.0100216s2009 newa grp 000 0 eng  a8125026576 c37500a907.202bSRE aSreedharan, E aTextbook of Histoiographyb 500 BC to Ad 2000 aNew Delhi bOrient Blackswan c2009 a570p aincludes index and biblioraphy2 areferences, biblio, index aHistoriography1 aSreedharan, E bSRS cBK 001040708StackRoom-aHMIbHMId2012-02-06g375.00l1m1o907.202 SREp023158r2022-10-31s2022-09-28v375.00w2010-02-16yBK c14006d14006